Formula 2 Teams 2020 - Statistics

General Stats
  • This quiz has been taken 52 times
  • The average score is 6 of 11
Answer Stats
Base Team Principal Full Team Name % Correct
Grisignano di Zocco, ITA René Rosin Prema Racing
95%
Milano, ITA Maurizio Salvadori Trident
66%
Surrey, GBR Trevor Carlin Carlin
61%
Ruaudin, FRA François Sicard Dams
61%
Villeneuve-la-Guyard, FRA Sébastien Philippe Art Grand Prix
56%
Westmaas, NED Sander Dorsman MP Motorsport
54%
Valencia, ESP Adrián Campos-Suñer Campos Racing
51%
Silverstone, GBR Oliver Oakes Hitech Grand Prix
49%
Prague, CZE Bob Vavrik Charouz Racing System
44%
Affalterbach, GER Thomas Strick BWT HWA Racelap
41%
Norfolk, GBR Andy Roche Uni-Virtuosi Racing
32%
No matching quizzes found
Score Distribution
Percent of People with Each Score
Percentile by Number Answered
Your Score History
You have not taken this quiz